[Event "Titled Tuesday intern op 17th Sep Early"]
[Site "Chess,com INT"]
[Date "2024.09.17"]
[Round "1"]
[White "Bruha, Nicholas"]
[Black "Bobkov, Vadim"]
[Result "0-1"]
[WhiteElo "2019"]
[BlackElo "2253"]
[PlyCount "40"]
[EventDate "2024.09.17"]
[EventType "swiss (blitz)"]
[EventRounds "11"]
[EventCountry "USA"]
[SourceTitle "EXT 2025"]
[Source "ChessBase"]
[SourceDate "2024.10.14"]
[SourceVersion "1"]
[SourceVersionDate "2024.10.14"]
[SourceQuality "1"]

1. Nc3 d5 2. e4 d4 3. Nce2 e5 4. Ng3 h5 5. Bc4 h4 6. Nf1 Qg5 7. Qf3 Nf6 8. d3 Qg6 9. h3 Nc6 10. c3 Be6 11. Bxe6 fxe6 12. Ne2 0-0-0 13. Nh2 Bc5 14. a4 dxc3 15. bxc3 Rhf8 16. 0-0 Ng8 17. Qg4 Qxg4 18. Nxg4 Rxd3 19. Rb1 Nf6 20. Rb5 Nxe4 0-1

[Event "Titled Tuesday intern op 25th Oct Late"]
[Site "Chess.com INT"]
[Date "2022.10.25"]
[Round "2"]
[White "Averjanov, Alexey"]
[Black "Bruha, Nicholas"]
[Result "0-1"]
[WhiteElo "2399"]
[BlackElo "1942"]
[PlyCount "126"]
[EventDate "2022.10.25"]
[EventType "swiss (blitz)"]
[EventRounds "11"]
[EventCountry "USA"]
[SourceTitle "EXT 2024"]
[Source "ChessBase"]
[SourceDate "2023.10.10"]
[SourceVersion "1"]
[SourceVersionDate "2023.10.10"]
[SourceQuality "1"]

1. d4 Nf6 2. c4 b6 3. Nf3 Bb7 4. Nbd2 g6 5. g3 Bg7 6. Bg2 0-0 7. b3 c5 8. 0-0 cxd4 9. Nxd4 Bxg2 10. Kxg2 Qc7 11. Bb2 Nc6 12. Nxc6 dxc6 13. Qc2 Rad8 14. Rad1 c5 15. Nf3 Qc6 16. Rxd8 Rxd8 17. Rd1 Rxd1 18. Qxd1 Qd7 19. Qxd7 Nxd7 20. Bxg7 Kxg7 21. Kf1 e5 22. e3 Kf6 23. Ke2 h6 24. h4 Ke6 25. Nd2 Nf6 26. f3 h5 27. Nb1 e4 28. Nc3 exf3+ 29. Kxf3 a6 30. Kf4 Nd7 31. a4 Ne5 32. Nd5 Nd3+ 33. Ke4 Nc1 34. Nxb6 Nxb3 35. Nd5 Nd2+ 36. Kd3 Nf1 37. Nc7+ Kd6 38. Nxa6 Nxg3 39. e4 f5 40. exf5 Nxf5 41. a5 Nxh4 42. Ke3 Nf5+ 43. Kf4 Ne7 44. Nb8 Kc7 45. Na6+ Kc6 46. Nb8+ Kd6 47. a6 Nc6 48. a7 Nxa7 49. Kg5 Nc6 50. Na6 Ne5 51. Nb8 Nxc4 52. Na6 h4 53. Kxh4 Ne5 54. Kg5 Kd5 55. Nc7+ Kd4 56. Ne6+ Kd5 57. Nf4+ Ke4 58. Ne2 c4 59. Nc3+ Kd3 60. Nd5 Kd4 61. Nb4 c3 62. Kf6 Ke4 63. Nc2 Kf4 0-1

[Event "Titled Tuesday intern op 25th Oct Late"]
[Site "Chess.com INT"]
[Date "2022.10.25"]
[Round "3"]
[White "Bruha, Nicholas"]
[Black "Martinez Alcantara, Jose Eduardo"]
[Result "0-1"]
[WhiteElo "1942"]
[BlackElo "2599"]
[PlyCount "78"]
[EventDate "2022.10.25"]
[EventType "swiss (blitz)"]
[EventRounds "11"]
[EventCountry "USA"]
[SourceTitle "EXT 2024"]
[Source "ChessBase"]
[SourceDate "2023.10.10"]
[SourceVersion "1"]
[SourceVersionDate "2023.10.10"]
[SourceQuality "1"]

1. d4 Nf6 2. Nf3 e6 3. Bf4 b6 4. e3 Bb7 5. Nbd2 Be7 6. h3 0-0 7. Bd3 c5 8. c3 cxd4 9. exd4 d6 10. 0-0 Nbd7 11. Qe2 Re8 12. Rfe1 Qc7 13. Bh2 Bf8 14. Ne4 Nxe4 15. Bxe4 Nf6 16. Bxb7 Qxb7 17. Nd2 b5 18. Ne4 Nxe4 19. Qxe4 d5 20. Qg4 b4 21. Be5 bxc3 22. bxc3 Rac8 23. Reb1 Qa6 24. Rb3 Rc6 25. h4 Rec8 26. h5 h6 27. c4 dxc4 28. Rg3 f5 29. Qg6 Qb7 30. Qxh6 Qf7 31. Qg5 Kh7 32. Rc1 c3 33. d5 exd5 34. Rgxc3 Rc4 35. g3 Re8 36. Bf4 Ree4 37. Rxc4 dxc4 38. Qd8 Bc5 39. Qd5 Qxd5 0-1

[Event "World op 49th"]
[Site "Philadelphia"]
[Date "2021.07.04"]
[Round "6"]
[White "Bruha, Nicholas"]
[Black "Yanayt, Eugene"]
[Result "1-0"]
[WhiteElo "1842"]
[BlackElo "2146"]
[PlyCount "28"]
[EventDate "2021.07.01"]
[EventType "swiss"]
[EventRounds "9"]
[EventCountry "USA"]
[SourceTitle "EXT 2022"]
[Source "ChessBase"]
[SourceDate "2021.10.06"]
[SourceVersion "1"]
[SourceVersionDate "2021.10.06"]
[SourceQuality "1"]

1. d4 Nf6 2. c4 g6 3. Nc3 Bg7 4. e4 d6 5. Nf3 0-0 6. Be2 e5 7. Be3 Qe8 8. dxe5 Ng4 9. Bg5 Nxe5 10. Nd5 Na6 11. 0-0 f6 12. Bh4 c6 13. Nc3 Qe7 14. Re1 Be6 1-0